00350nam a2200109 a 450000500170000000800410001704100080005824500670006626000760013330000120020950500190022120140123143608.0140123b2000 ck ||||| |||| 00| 0 spa d aspa aFormatos fase III Metodología AANDDMblana hilada y teñida aBogotábInstituto Alexander von HumboldtbFAObSERFINDES S. A.c2000? a2 Vols. aVol. 2: Anexos